Sinh học đại cương. t.I /
Gardado en:
| Outros autores: | , , , , , |
|---|---|
| Formato: | Sách giấy |
| Idioma: | Vietnamese |
| Publicado: |
H. :
Đại học Sư phạm,
2004
|
| Edición: | Tái bản lần 1 |
| Những chủ đề: | |
| Các nhãn: |
Engadir etiqueta
Sen Etiquetas, Sexa o primeiro en etiquetar este rexistro!
|
| Thư viện lưu trữ: | Thư viện Trường Đại học Đà Lạt |
|---|
| LEADER | 01012nam a2200397 4500 | ||
|---|---|---|---|
| 001 | DLU060051517 | ||
| 005 | ##20060313 | ||
| 040 | # | # | |a DLU |b vie |
| 041 | # | # | |a vie |
| 044 | # | # | |a vn |
| 082 | # | # | |a 570 |b Sin |
| 245 | # | # | |a Sinh học đại cương. |n t.I / |c Phan Cự Nhân chủ biên, ... [và những người khác] |
| 250 | # | # | |a Tái bản lần 1 |
| 260 | # | # | |a H. : |b Đại học Sư phạm, |c 2004 |
| 300 | # | # | |a 422 tr. ; |c 21 cm |
| 653 | # | # | |a Di truyền học |
| 653 | # | # | |a Sinh học |
| 653 | # | # | |a Sinh thái học |
| 653 | # | # | |a Tiến hoá |
| 700 | # | # | |a Hoàng Thị Sản |
| 700 | # | # | |a Lê Quang Long |
| 700 | # | # | |a Mai Đình Yên |
| 700 | # | # | |a Phạm Đình Thái |
| 700 | # | # | |a Phan Cự Nhân |e chủ biên |
| 700 | # | # | |a Trần Bá Hoành |
| 923 | # | # | |a 66/2005 |
| 990 | # | # | |a t.I |
| 992 | # | # | |a 40.000 |
| 994 | # | # | |a DLU |
| 900 | # | # | |a True |
| 911 | # | # | |a Đào Thị Thu Huyền |
| 925 | # | # | |a G |
| 926 | # | # | |a A |
| 927 | # | # | |a SH |
| 980 | # | # | |a Thư viện Trường Đại học Đà Lạt |